| 000 | 00766nmc a2200289 a 4500 | ||
|---|---|---|---|
| 003 | AR-BaBNM | ||
| 005 | 20251128211741.0 | ||
| 008 | 156020s2005 ||||||||||||||000 | spa|| | ||
| 020 | _a950-518-834-X | ||
| 040 | _cAR-BaBNM | ||
| 100 | 1 | _aAugustowsky, Gabriela Paula | |
| 245 | 1 | 0 | _aLas paredes del aula |
| 250 | _a1ª ed. | ||
| 260 |
_aBuenos Aires _c2005 _bAmorrortu |
||
| 300 | 0 | _a150 p. | |
| 490 | 0 | _aNueva enseñanza, nuevas prácticas | |
| 504 | _aContiene referencias bibliográficas | ||
| 650 | 4 | _aDIDACTICA | |
| 650 | 4 | _aCURRICULO | |
| 650 | 4 | _aEDUCACION ESTETICA | |
| 650 | 4 | _aESTUDIOS DE CASOS | |
| 650 | 4 | _aMATERIALES DE ENSENANZA | |
| 653 | 0 | _aESPACIOS EDUCATIVOS | |
| 800 | 1 | _aLitwin, Edith | |
| 942 | _cBK | ||
| 998 | _cme-solo cat | ||
| 999 |
_c20953 _d20953 |
||